The 24th annual international symposium on computer architecture : Computer Architecture New, Vol.25, 1995, No.2 : Konf. Denver, Colorado, USA, 2.- 4. June 1997
Salvato in:
| Natura: | Libro |
|---|---|
| Lingua: | inglese |
| Pubblicazione: |
New York :
Association for Computing Machinery
|
| Soggetti: | |
| Tags: |
Nessun Tag, puoi essere il primo ad aggiungerne!!
|
MARC
| LEADER | 00000nam a22000003a 4500 | ||
|---|---|---|---|
| 001 | stu10171 | ||
| 005 | 20141122093110.6 | ||
| 008 | 971023s--------xxu-----------------eng-d | ||
| 020 | |a 0-89791-901-7 | ||
| 040 | |a STU |b slo | ||
| 041 | 0 | |a eng | |
| 044 | |a xxu | ||
| 080 | |a 681.32.02 |7 stu_us_auth*stu8293 | ||
| 080 | |a 061.3(08) | ||
| 084 | |a C5220 |2 INS | ||
| 084 | |a C5440 |2 INS | ||
| 084 | |a C5500 |2 INS | ||
| 084 | |a C5620 |2 INS | ||
| 245 | |a The 24th annual international symposium on computer architecture : |b Computer Architecture New, Vol.25, 1995, No.2 : Konf. Denver, Colorado, USA, 2.- 4. June 1997 | ||
| 260 | |a New York : |b Association for Computing Machinery | ||
| 300 | |a 350 s | ||
| 650 | 7 | |a architektúra počítačov |2 stusub | |
| 650 | 7 | |a počítačové siete |2 stusub | |
| 650 | 7 | |a NUMA architektúry |2 stusub | |
| 650 | 7 | |a Coma architektúry |2 stusub | |
| 650 | 7 | |a multiprocesory |2 stusub | |
| 996 | |b EČAS-5881 |c E*ČAS-5881 |l EE0103 |s P |a 0 |w stu10171_0001 | ||